000 01054cam a2200325 i 4500
001 200467514
003 TR-AnTOB
005 20260304113233.0
007 ta
008 990816s1997 tu 000 0 tur d
020 _a9754580944
040 _aBGZ
_beng
_erda
_cTR-AnTOB
041 _atur
050 1 4 _aHC241.25.T9
_bI49 1997
090 _aHC241.25.T9
_bI49 1997
100 1 _aİlyasoğlu, Eyüp
_d1944-
_eauthor
_9132687
245 1 0 _aTürk bilgi teknolojisi ve gümrük birliği /
_cEyüp İlyasoğlu.
264 1 _aAnkara :
_bTürkiye İş Bankası,
_c1997.
300 _axi, 90 pages ;
_c18 cm.
336 _atext
_btxt
_2rdacontent
337 _aunmediated
_bn
_2rdamedia
338 _avolume
_bnc
_2rdacarrier
490 1 _aTürkiye İş Bankası Kültür yayınları genel yayın no. ;
_v363.
_aBilim dizisi ;
_v11
504 _aBIB
610 0 _aEuropean Economic Community
_zTurkey
_917684
650 7 _aBilgi teknolojisi
_2etuturkob
_919748
651 0 _aTürkiye
_xEkonomik durum
_980633
942 _2lcc
_cBK
999 _c200467514
_d85726